000 00654nam a2200205Ii 4500
003 JO-AjNU
008 230606s9999||||xx |||||||||||||| ||und||
020 _a978-0-07-122139-9
040 _aJO-AjNU
_beng
_erda
_cJO-AjNU
041 _aeng
050 1 4 _aQA76.5.W5332.2011
100 3 _aSawyer/Willams,
_eauthor
_91039
245 0 0 _aUsing information Technology Apractica introduction to computer and communication
264 3 1 _aMCGRAW-HILL HIGHER EducaTION:London.2011
300 _a577p
336 _atext
_btxt
_2rdacontent
337 _aunmediated
_bn
_2rdamedia
338 _avolume
_bnc
_2rdacarrier
650 4 _aUsing in formation technology
_91040
999 _aE546
_c546
_d546